| 000 | 00499nam a2200157 4500 | ||
|---|---|---|---|
| 020 | _a958-96709-7-0 | ||
| 050 | _aTA440 S3 2002 | ||
| 082 | _a693.5 S724d | ||
| 100 | _aS nchez de Guzmán, Diego | ||
| 245 | _aDurabilidad y patología del concreto | ||
| 250 | _a1 / reimp. 2003, 2006 | ||
| 260 | _aColombia : Instituto del concreto, Agocreto | ||
| 300 | _a219 p. / 29 cm | ||
| 440 | _aColección especializada del concreto | ||
| 650 | _a1. CONCRETO-PRUEBAS \ 2. CONCRETO-CORROSION \ 3. DETERIORO | ||
| 999 |
_c27002 _d27002 |
||